The practical guide to waste management law with a list of abbreviations and acronyms, useful websites and relevant legislation (Record no. 103727)

MARC details
000 -LEADER
fixed length control field 01976cam a2200457 4500
008 - FIXED-LENGTH DATA ELEMENTS--GENERAL INFORMATION
fixed length control field 040910n2004 000 0 eng u
020 ## - INTERNATIONAL STANDARD BOOK NUMBER
International Standard Book Number 0727732757
035 ## - SYSTEM CONTROL NUMBER
System control number (Sirsi) u127317
041 ## - LANGUAGE CODE
Language code of text/sound track or separate title eng
050 ## - LIBRARY OF CONGRESS CALL NUMBER
Classification number 614.76
-- 18
100 ## - MAIN ENTRY--PERSONAL NAME
Personal name Hawkins, Richard
245 #4 - TITLE STATEMENT
Title The practical guide to waste management law with a list of abbreviations and acronyms, useful websites and relevant legislation
260 ## - PUBLICATION, DISTRIBUTION, ETC.
Place of publication, distribution, etc. London
Name of publisher, distributor, etc. Thomas Telford
Date of publication, distribution, etc. 2004
300 ## - PHYSICAL DESCRIPTION
Extent xxxiii, 275p.
Dimensions 25cm.
350 ## - PRICE (NR) (BK AM CF MU VM SE) [OBSOLETE]
Price 35
505 ## - FORMATTED CONTENTS NOTE
Formatted contents note The historical background
505 ## - FORMATTED CONTENTS NOTE
Formatted contents note Defining waste
505 ## - FORMATTED CONTENTS NOTE
Formatted contents note Waste classification
505 ## - FORMATTED CONTENTS NOTE
Formatted contents note The administration and management of waste
505 ## - FORMATTED CONTENTS NOTE
Formatted contents note Waste minimisation, recycling, bioprocessing and recovery
505 ## - FORMATTED CONTENTS NOTE
Formatted contents note Energy recovery, incineration and landfill
505 ## - FORMATTED CONTENTS NOTE
Formatted contents note The planning system and structural reform
505 ## - FORMATTED CONTENTS NOTE
Formatted contents note Integrated Pollution Prevention and Control and the permitting regime
505 ## - FORMATTED CONTENTS NOTE
Formatted contents note Environmental criminal and civil law simplified and the control of fly-tipping
505 ## - FORMATTED CONTENTS NOTE
Formatted contents note Health and safety, the Duty of Care Regulations and basic contractual considerations
505 ## - FORMATTED CONTENTS NOTE
Formatted contents note The consignment and movement of waste
505 ## - FORMATTED CONTENTS NOTE
Formatted contents note Waste mismanagement and water quality
520 ## - SUMMARY, ETC.
Summary, etc. This book aims to provide practitioners and their auditors with an understanding of operational waste management law and the practical implications of non-compliance. The law and practice mainly relates to England, Wales and the EU, although much is applicable to Scotland and Northern Ireland.
600 ## - SUBJECT ADDED ENTRY--PERSONAL NAME
Personal name WASTE MINIMISATION
650 ## - SUBJECT ADDED ENTRY--TOPICAL TERM
Topical term or geographic name entry element WASTE RECYCLING
650 ## - SUBJECT ADDED ENTRY--TOPICAL TERM
Topical term or geographic name entry element WASTE INCINERATION
650 ## - SUBJECT ADDED ENTRY--TOPICAL TERM
Topical term or geographic name entry element ENVIRONMENTAL LAW
650 ## - SUBJECT ADDED ENTRY--TOPICAL TERM
Topical term or geographic name entry element WASTE MINIMISATION
650 ## - SUBJECT ADDED ENTRY--TOPICAL TERM
Topical term or geographic name entry element INTEGRATED POLLUTION PREVENTION AND CONTROL
650 ## - SUBJECT ADDED ENTRY--TOPICAL TERM
Topical term or geographic name entry element LANDFILL
650 ## - SUBJECT ADDED ENTRY--TOPICAL TERM
Topical term or geographic name entry element WASTE PLANNING
690 ## - LOCAL SUBJECT ADDED ENTRY--TOPICAL TERM (OCLC, RLIN)
Topical term or geographic name as entry element ENVIRONMENTAL AND LAND CONSULTANCY-WASTE MANAGEMENT
700 ## - ADDED ENTRY--PERSONAL NAME
Personal name Shaw, Heidi S.
942 ## - ADDED ENTRY ELEMENTS (KOHA)
Suppress in OPAC 0
Holdings
Withdrawn status Lost status Source of classification or shelving scheme Damaged status Not for loan Home library Current library Shelving location Date acquired Cost, normal purchase price Total Checkouts Full call number Barcode Date last seen Date last checked out Copy number Cost, replacement price Price effective from Koha item type
    Dewey Decimal Classification     London London Books 05/10/2004 29.75 14 614.76 HAW 30069525 06/08/2019 19/12/2007 1 29.75 06/08/2019 Book